| 000 | 00478nam a2200169Ia 4500 | ||
|---|---|---|---|
| 999 |
_c20693 _d20693 |
||
| 082 | _a331.702 CAR-S | ||
| 100 | _aCarpenter, Peter G | ||
| 245 | 0 | _aStarting a career | |
| 260 |
_aAustralia _bAustralian Council for Educational Resea _c1989 |
||
| 300 | _a102p. | ||
| 650 | _aVocational guidance | ||
| 650 | _aVocational interests - Longitudinal studies | ||
| 650 | _aStudent aspirations - Longitudinal studies | ||
| 650 | _aYouth | ||
| 700 | _aWestern, John S | ||
| 942 | _cBK | ||